| 000 | 00533cas a22001815a 4500 | ||
|---|---|---|---|
| 001 | L109927 | ||
| 008 | 070511d19972003xxkux p 0 a0eng u | ||
| 035 | _a(Sirsi) u109927 | ||
| 041 | 0 | _aeng | |
| 110 | 2 |
_aRoyal Institution of Chartered Surveyors _bRegeneration Forum _94468 |
|
| 245 |
_aPerspective _bThe Newsletter of The Regeneration Forum |
||
| 260 |
_aLondon _bRICS _c[1997?]-[2003] |
||
| 362 | 0 | _a(2) Summer 1997-(18) July 2003 | |
| 554 | _aIrregular | ||
| 651 | 4 |
_aUnited Kingdom _y |
|
| 690 | _aREGENERATION | ||
| 942 | _n0 | ||
| 999 |
_c118730 _d118730 |
||